Μέση ανατολή : διεθνείς σχέσεις και πολιτική ανάπτυξη
Αποθηκεύτηκε σε:
| Κύριος συγγραφέας: | |
|---|---|
| Μορφή: | Βιβλίο |
| Γλώσσα: | Greek |
| Δημοσίευση: |
Αθήνα :
Παπαζήσης,
1992.
|
| Θέματα: | |
| Ετικέτες: |
Προσθήκη ετικέτας
Δεν υπάρχουν, Καταχωρήστε ετικέτα πρώτοι!
|
MARC
| LEADER | 00000cam a2200000 i 4500 | ||
|---|---|---|---|
| 001 | 1/6096 | ||
| 008 | 960624s1992 gr | ||| |||| ||gre|| | ||
| 020 | |a 9600209723 |q (τ.1) | ||
| 020 | |a 960020971 |q (σετ) | ||
| 035 | |l 10016235 | ||
| 040 | |a GR-MyUA |b gre |e AACR2 | ||
| 041 | 0 | |a gre | |
| 082 | 7 | |a 327.56 |2 (22) | |
| 100 | 1 | |a Κούτσης, Αλέξανδρος Σ. | |
| 245 | 1 | 0 | |a Μέση ανατολή : |b διεθνείς σχέσεις και πολιτική ανάπτυξη / |c Αλέξανδρος Σ. Κούτσης. |
| 260 | |a Αθήνα : |b Παπαζήσης, |c 1992. | ||
| 300 | |a 437 σ. ; |c 21 εκ. | ||
| 650 | 0 | 0 | |a Eastern question. |
| 651 | 0 | |a Middle East |x Foreign relations. | |
| 852 | |a INST |b LESVOS |e 19960624 |h 327.56 ΚΟΥ |p 005100009858 |q 005100009858 |t BK |y 0 |z τ.1 | ||
| 852 | |a INST |b LESVOS |e 19960624 |h 327.56 ΚΟΥ |p 005100009858 |q 005100009858 |t BK |v τ.1: |y 0 |z τ.1 | ||
| 852 | |a INST |b RHODES |e 19990323 |h 327.56 ΚΟΥ |p 005400005798 |q 005400005798 |t BK |y 0 |z τ.1 | ||
| 852 | |a INST |b RHODES |e 20050318 |h 327.56 ΚΟΥ |p 005400017773 |q 005400017773 |t BK |y 0 |z τ.1 | ||
| 852 | |a INST |b RHODES |e 20050218 |h 327.56 ΚΟΥ |p 005400017774 |q 005400017774 |t BK |y 0 |z τ.1 | ||
| 852 | |a INST |b RHODES |e 19990323 |h 327.56 ΚΟΥ |p 005400005798 |q 005400005798 |t BK |v τ.1: |y 0 |z τ.1 | ||
| 852 | |a INST |b RHODES |e 20050318 |h 327.56 ΚΟΥ |p 005400017773 |q 005400017773 |t BK |v τ.1: |y 0 |z τ.1 | ||
| 852 | |a INST |b RHODES |e 20050218 |h 327.56 ΚΟΥ |p 005400017774 |q 005400017774 |t BK |v τ.1: |y 0 |z τ.1 | ||
| 852 | |a INST |b RHODES |c EUDOXUS |e 20230117 |h 327.56 ΚΟΥ |p 005400043284 |q 005400043284 |t EDX |v τ.1: |y 0 | ||
| 852 | |a INST |b SAMOS |e 20200113 |h 327.56 ΚΟΥ |p 005300046235 |q 005300046235 |t BK |v τ.1: |y 0 | ||
| 853 | |a INST |b LESVOS |h 327.56 ΚΟΥ | ||
| 853 | |a INST |b RHODES |h 327.56 ΚΟΥ | ||
| 853 | |a INST |b RHODES |c EUDOXUS |h 327.56 ΚΟΥ | ||
| 853 | |a INST |b SAMOS |h 327.56 ΚΟΥ | ||
| 901 | |a BIBL-1999-1 | ||
| 901 | |a BIBL4-2005-2 | ||
| 909 | |a Λ |b 036687 | ||
| 909 | |a Ρ |b 061131 | ||
| 909 | |a Ρ |b 110461 | ||
| 909 | |a Ρ |b 110462 | ||
| 909 | |a Ρ |b 110567 | ||
| 920 | |a Εύδοξος |b Παραγγελία |y Ρόδος-ΤΜΣ |z 2022-12 | ||
| 922 | |a 4ΕΛΗ |b 199811 |c ΚΠΣ/ΜΕ |d EMVASIS | ||
| 970 | |z 1996/06 | ||